000 00577nam a2200241 a 4500
001 nice12345678
003 IN_TiNIC
005 20260116013440.0
008 050524s1985 laha grp 000 0 eng
020 _a
_c300
082 0 0 _a954.022
_bLAW
100 _aLaw, N N
245 _aPromotion of Learning in Muslim India
260 _aLahore
_bHijra International Pub.
_c1985
300 _a258p
500 _aincludes index and biblioraphy
505 2 _aIndex
650 _aIndia-History
700 1 _aLaw, N N
902 _bSRS
942 _cBK
999 _c11025
_d11025